000 00677nam a2200289Ia 4500
005 20260324133354.0
008 008 260324s9999 xx 000 0 eng d
020 _a9781315199351
037 _aEBOOK
040 _aCRL
040 _beng
040 _cCRL
041 _2eng
041 _aeng
084 _qCRL
100 _aP.J. Cybinski
_91192843
245 0 _aDoomed Firms
245 3 _bAn Econometric Analysis of the Path to Failure
260 _bTaylor and Francis
260 _c2003
365 _a
365 _b180
856 _uhttp://www.taylorfrancis.com/books/9781315199351
942 _cEBOOK
999 _c1791816
_d1791816